Распад. Разорванный август: роман

Bibliografiske detaljer
Hovedforfatter: Абдуллаев Ч. А. Чингиз Акифович
Summary:Недолго проработал Эльдар Сафаров инструктором административного отдела компартии при МВД СССР. Бурное время начала 90-х несло молодого выходца из Баку все выше и выше по карьерной лестнице. И вот его уже приглашают работать в администрацию президента СССР. Мог ли знать бывший следователь и успешный юрист, что наступили последние месяцы его служения стране, которую он считал своей родиной? Девяносто первый год катком проедет по нему и миллионам граждан СССР, заставив их задуматься, что же произошло в том августе: великое благо или великое преступление?..
Sprog:russisk
Udgivet: Москва, Эксмо, 2011
Serier:Абдуллаев. Современный русский шпионский роман
Fag:
Format: MixedMaterials Bog
KOHA link:https://koha.lib.tpu.ru/cgi-bin/koha/opac-detail.pl?biblionumber=256905

MARC

LEADER 00000nam0a2200000 4500
001 256905
005 20231101233145.0
010 |a 9785699524501 
035 |a (RuTPU)RU\TPU\book\279651 
090 |a 256905 
100 |a 20140411d2011 m y0rusy50 ca 
101 0 |a rus 
102 |a RU 
105 |a y z 000ay 
200 1 |a Распад. Разорванный август  |e роман  |f Ч. А. Абдуллаев 
210 |a Москва  |c Эксмо  |d 2011 
215 |a 352 с. 
225 1 |a Абдуллаев. Современный русский шпионский роман 
330 |a Недолго проработал Эльдар Сафаров инструктором административного отдела компартии при МВД СССР. Бурное время начала 90-х несло молодого выходца из Баку все выше и выше по карьерной лестнице. И вот его уже приглашают работать в администрацию президента СССР. Мог ли знать бывший следователь и успешный юрист, что наступили последние месяцы его служения стране, которую он считал своей родиной? Девяносто первый год катком проедет по нему и миллионам граждан СССР, заставив их задуматься, что же произошло в том августе: великое благо или великое преступление?.. 
606 1 |a Русская литература современная  |2 stltpush  |3 (RuTPU)RU\TPU\subj\26373  |9 50316 
610 1 |a романы 
610 1 |a шпионы 
610 1 |a Россия 
610 1 |a 20 век 
610 1 |a августовский переворот 
675 |a Р2  |v 3 
700 1 |a Абдуллаев  |b Ч. А.  |g Чингиз Акифович 
801 1 |a RU  |b 63413507  |c 20140411 
801 2 |a RU  |b 63413507  |c 20140707  |g RCR 
942 |c BK 
959 |a 68/20140410  |d 1  |e 141,90  |f ХФ:1